Seven
| 資料類型: | 圖書 | 書目號: | 47301 |
Leader xxxxxxxxxx 005 __ 20130703163939.0 010 0_ |a978-986-302-108-7|b平裝|dNT$220 042 __ |anbic 100 __ |a20140616d2013 m y0chiy50 e 101 0_ |achi 102 __ |atw 105 __ |ay z 000ay 200 1_ |aSeven|f蝴蝶(Seba)著 205 __ |a初版 210 __ |a新北市板橋區|c雅書堂文化出版|a新北市中和區|c朝日文化總經銷|d2013[民102] 215 0_ |a294面|d21公分 225 2_ |a蝴蝶館|v60 300 __ |a收錄<黑暗聖徒行歌> 681 __ |a857.7|b5754|v2007年版 700 _0 |a蝴蝶|4著 681 __ |a857.7|b858 801 _0 |atw|b內湖高中|c20140616|gCCR |